000 00709nam a2200217 i 4500
001 101227
003 ES-MaACL
005 20250717094522.0
007 t|
008 051014s1970 sp ||||1| spa d
100 1 _aMayes, Mary.
_979372
245 1 0 _aObstetricia elemental /
_cmanual de Mayes; revisado por Vera Da Cruz;[traducido por Manuel de Mena Calvet].
250 _a[1ª ed.].
260 _aBarcelona :
_bCompañía Editorial Continental,
_c[1970]
300 _a5 h., 486 p., lám. I-X.- ;
_c22 cm.
650 7 _aObstetricia
_2embne
_915676
700 1 _aDa Cruz, Vera.
_942387
700 1 _aMena Calvet, Manuel de.
_980055
852 _aES-MaACL
_jC-46137
_bR.73447
999 _c101227
_d101227